<?xml version="1.0" encoding="UTF-8"?>
<record
    xmlns:xsi="http://www.w3.org/2001/XMLSchema-instance"
    xsi:schemaLocation="http://www.loc.gov/MARC21/slim http://www.loc.gov/standards/marcxml/schema/MARC21slim.xsd"
    xmlns="http://www.loc.gov/MARC21/slim">

  <leader>00845nab a2200253 uc4500</leader>
  <controlfield tag="001">845850</controlfield>
  <controlfield tag="005">20240730091642.0</controlfield>
  <controlfield tag="008">030922s2001                        spa  </controlfield>
  <datafield tag="035" ind1=" " ind2=" ">
    <subfield code="a">845850</subfield>
  </datafield>
  <datafield tag="035" ind1=" " ind2=" ">
    <subfield code="a">(OCoLC)820077116</subfield>
  </datafield>
  <datafield tag="040" ind1=" " ind2=" ">
    <subfield code="c">comduadb</subfield>
  </datafield>
  <datafield tag="041" ind1=" " ind2=" ">
    <subfield code="a">spa</subfield>
  </datafield>
  <datafield tag="100" ind1="1" ind2="0">
    <subfield code="a">Fernandez G., A. A.</subfield>
    <subfield code="4">aut</subfield>
    <subfield code="e">aut</subfield>
    <subfield code="9">386789</subfield>
  </datafield>
  <datafield tag="245" ind1="1" ind2="0">
    <subfield code="a">Caracterizacion de los buffer fosfatos utilizados en la preparacion de solucion de hemoglobina (Hb) a pH controlado</subfield>
  </datafield>
  <datafield tag="650" ind1=" " ind2=" ">
    <subfield code="a">Fosfatos</subfield>
    <subfield code="9">175169</subfield>
  </datafield>
  <datafield tag="650" ind1=" " ind2=" ">
    <subfield code="a">Hemoglobina</subfield>
    <subfield code="9">21159</subfield>
  </datafield>
  <datafield tag="650" ind1=" " ind2=" ">
    <subfield code="a">pH</subfield>
    <subfield code="9">75288</subfield>
  </datafield>
  <datafield tag="650" ind1=" " ind2="7">
    <subfield code="a">Enfermedades hematol&#xF3;gicas</subfield>
    <subfield code="2">dcs</subfield>
    <subfield code="9">49305</subfield>
  </datafield>
  <datafield tag="650" ind1=" " ind2=" ">
    <subfield code="a">Anemia drepanocitica</subfield>
    <subfield code="9">125300</subfield>
  </datafield>
  <datafield tag="650" ind1=" " ind2=" ">
    <subfield code="a">Hemolisis</subfield>
    <subfield code="9">49295</subfield>
  </datafield>
  <datafield tag="650" ind1=" " ind2="7">
    <subfield code="a">Hematolog&#xED;a</subfield>
    <subfield code="2">dcs</subfield>
    <subfield code="9">3669</subfield>
  </datafield>
  <datafield tag="773" ind1="0" ind2=" ">
    <subfield code="t">Revista Cubana de Qu&#xED;mica (Cuba)</subfield>
    <subfield code="g">Vol. 13, No. 03, 2001, p. 87-96</subfield>
    <subfield code="w">722421</subfield>
    <subfield code="x">0258-5995</subfield>
    <subfield code="0">229337</subfield>
  </datafield>
  <datafield tag="942" ind1=" " ind2=" ">
    <subfield code="c">ARIMP</subfield>
  </datafield>
  <datafield tag="999" ind1=" " ind2=" ">
    <subfield code="c">302425</subfield>
    <subfield code="d">302425</subfield>
  </datafield>
</record>
